Sẵn sàng xuất — 

Các quy định pháp luật về dân sự tố tụng dân sự và thi hành án dân sự

Đã lưu trong:
書目詳細資料
格式: 圖書
語言:Undetermined
出版: Hà Nội Tư pháp 2004
主題:
標簽: 添加標簽
沒有標簽, 成為第一個標記此記錄!
Thư viện lưu trữ: Trung tâm Học liệu Trường Đại học Cần Thơ
LEADER 00544nam a2200181Ia 4500
001 CTU_93884
008 210402s9999 xx 000 0 und d
020 |c 80000 
082 |a 347.59705 
082 |b C101 
245 0 |a Các quy định pháp luật về dân sự tố tụng dân sự và thi hành án dân sự 
260 |a Hà Nội 
260 |b Tư pháp 
260 |c 2004 
650 |a Civil procedure 
650 |z Vietnam 
904 |i Tuyến 
980 |a Trung tâm Học liệu Trường Đại học Cần Thơ